LIBRARY ONLINE CATALOGUE

Influence of strategic leadership on change management in the county government of Nakuru Kenya (Record no. 18705)

MARC details
000 -LEADER
fixed length control field 00437nam a22001217a 4500
008 - FIXED-LENGTH DATA ELEMENTS--GENERAL INFORMATION
fixed length control field 210118b xxu||||| |||| 00| 0 eng d
050 ## - LIBRARY OF CONGRESS CALL NUMBER
Classification number GMB1122
Item number .M83 2018 c.1
100 ## - MAIN ENTRY--PERSONAL NAME
Personal name Mwaura, Samuel Mwangi
245 ## - TITLE STATEMENT
Title Influence of strategic leadership on change management in the county government of Nakuru Kenya
Statement of responsibility, etc. Samuel Mwangi Mwaura
260 ## - PUBLICATION, DISTRIBUTION, ETC. (IMPRINT)
Place of publication, distribution, etc. Kabarak, Nakuru, Kenya
Name of publisher, distributor, etc. Kabarak University
Date of publication, distribution, etc. 2018
300 ## - PHYSICAL DESCRIPTION
Extent 61 leaves
942 ## - ADDED ENTRY ELEMENTS (KOHA)
Source of classification or shelving scheme Library of Congress Classification
Koha item type Thesis, Dissertation and Projecs
Holdings
Withdrawn status Lost status Source of classification or shelving scheme Not for loan Home library Current library Date acquired Total Checkouts Full call number Barcode Date last seen Price effective from Koha item type
    Library of Congress Classification   Kabarak, Main Campus Kabarak, Main Campus 18/01/2021   GMB1122 .M83 2018 c.1 029548 18/01/2021 18/01/2021 Thesis, Dissertation and Projecs
    Library of Congress Classification   Kabarak, Main Campus Kabarak, Main Campus 18/01/2021   GMB1122 .M83 2018 c.2 029492 19/01/2021 18/01/2021 Thesis, Dissertation and Projecs